| 000 | 00692nam a2200205Ia 4500 | ||
|---|---|---|---|
| 003 | GCL | ||
| 008 | 140319s9999 xx 000 0 ara d | ||
| 040 |
_aGCL / _cGCL |
||
| 082 | 0 | 4 |
_a001.6424 _bد ا |
| 100 | 1 | _aسرور على ابراهيم سرور | |
| 245 | 1 | 0 |
_aاساسيات الفورتران / _cسرور على ابراهيم سرور |
| 700 | 1 | _aسمولاريسكى، دينيس | |
| 260 |
_a[S.N] : _bالدار الدولية للنشر والتوزيع ، _c1992 |
||
| 300 | _a160 | ||
| 490 |
_aسلسلة شومى _v0 |
||
| 650 | 0 | 4 | _aالحاسبات الالكترونية |
| 650 | 0 | 4 | _aالفورتران |
| 650 | 0 | 4 | _aالمعارف العامة |
| 942 |
_2ddc _cBK |
||
| 999 |
_c30309 _d30309 |
||